La canción de los maoríes

Uloženo v:
Podrobná bibliografie
Hlavní autor: Lark, Sarah (Autor)
Médium: Kniha
Jazyk:španělština
Vydáno: Barcelona Ediciones B S. A 2012
Vydání:1a. ed
Témata:
Tagy: Přidat tag
Žádné tagy, Buďte první, kdo vytvoří štítek k tomuto záznamu!

MARC

LEADER 00000cam a2200000 a 4500
001 UCC1277
003 CL-VaPUC
008 171020e20120000sp |||||||||||||||||spa|d
020 |a 9788466650472 
082 0 4 |a 833  |b LAR  |2 21 
100 |a Lark, Sarah  |e author  |9 595338 
245 1 3 |a La canción de los maoríes 
250 |a 1a. ed 
300 |a 703 p 
942 |c BK 
945 |d 20171020 15:16:00  |a dcastane 
260 |a Barcelona  |b Ediciones B S. A  |c 2012 
650 0 |a Novelas alemanas   |9 265783 
650 0 |a Literatura alemana   |9 265457 
583 |a last modification  |c 20171020 15:16:00  |k Rodrigo Vera 
999 |c 369832  |d 369830 
952 |0 0  |1 0  |3 erb  |4 0  |6 833_000000000000000_LAR_2012  |7 0  |8 C  |9 485977  |a BIBCUR  |b BIBCUR  |i 5430380  |o 833 LAR 2012  |p 5430380  |r 2025-04-22  |w 2019-11-24  |y BK  |z Catalogado en:20171020  |k CAC